| 000 | 00638nam a2200217 u 4500 | ||
|---|---|---|---|
| 005 | 20240229063547.0 | ||
| 008 | 110928s2006 r 000 0 eng d | ||
| 020 | _a9706417346 | ||
| 035 | _aUPN01000181971 | ||
| 049 | _aI | ||
| 050 | 4 |
_aPZ76.3 _bS9.5 |
|
| 100 | 1 |
_aSverdlick, Graciela, _d1962- |
|
| 245 | 1 | 3 |
_aEl mono azul / _cGraciela Sverdlick ; il. Omar Garza. |
| 260 |
_aMéxico : _bProgreso, _c2006. |
||
| 300 |
_a[46] p. : _bprincipalmente il. col. |
||
| 440 | 0 | _aRehilete | |
| 650 | 0 |
_aAnimales _vCuentos y leyendas _9234 |
|
| 650 | 4 |
_aLiteratura infantil argentina _97511 |
|
| 700 | 1 |
_aGarza, Omar, _eil. |
|
| 905 | _aInfantil | ||
| 999 |
_c154074 _d154074 |
||